Detalles MARC
| 000 -LÍDER |
| Campo fijo de descripción fija |
01146nam a22002777a 4500 |
| 003 - IDENTIFICADOR DEL NÚMERO DE CONTROL |
| Campo de control |
BCEG |
| 005 - FECHA Y HORA DE LA ULTIMA TRANSACCIÓN |
| control field |
20260414160637.0 |
| 008 - ELEMENTOS DE LONGITUD FIJA -- INFORMACIÓN GENERAL |
| Campo fijo de descripción fija -- Información general |
260414s2011 mx b||||||||||||||||spa d |
| 020 ## - ISBN |
| Isbn |
9786074841685 |
| 040 ## - FUENTE DE CATALOGACIÓN |
| Agencia de catalogación original |
BCEG |
| Idioma de catalogación |
spa |
| Agencia que realiza la transcripción |
BCEG |
| 082 04 - CLASIFICACIÓN |
| Número de clasificación |
FG333.2972 |
| Número de cutter |
S479v |
| 100 1# - ASIENTO PRINCIPAL--NOMBRE PERSONAL |
| Nombre del autor personal |
Sepúlveda Garza, Manola. |
| 245 10 - TÍTULO PROPIAMENTE DICHO |
| Título |
Vaivenes de la historia ejidal |
| Otra información sobre el título - Subtitulo |
: Dolores Hidalgo, CIN, Guanajuato, 1990-1970. |
| 246 ## - FORMA VARIANTE DEL TITULO |
| Título propiamente dicho/forma breve del título |
Dolores Hidalgo, cuna de la Independencia Nacional, Guanajuato, 1990-1970. |
| 260 ## - PUBLICACIÓN, DISTRIBUCIÓN, ETC. (PIE DE IMPRENTA) |
| Lugar de publicación, distribución, etc. |
México : |
| Nombre del editor, distribuidor, etc. |
Escuela Nacional de Antropología e Historia, Instituto Nacional de Antropología e Historia, |
| Fecha de publicación, distribución, etc. |
2011. |
| 300 ## - DESCRIPCIÓN FÍSICA |
| Extensión |
414 p. : |
| Otros detalles físicos |
maps., il. |
| 490 ## - MENCIÓN DE SERIE |
| Mención de serie |
Investigación/PROA |
| 500 ## - NOTA GENERAL |
| Nota General |
Incluye Fe de Erratas. |
| 504 ## - NOTA DE BIBLIOGRAFÍA, ETC. |
| Nota de bibliografía, etc. |
Incluye bibliografía. |
| 506 ## - NOTA DE RESTRICCIONES DE ACCESO |
| Términos que controlan el acceso |
Para uso exclusivo en sala de Fondos Especiales; Requiere autorización para reproducción. |
| Autorización |
Reglamento de la Sala de Fondos Especiales. |
| 535 ## - NOTA DE UBICACIÓN DE ORIGINALES |
| Custodio |
Disponible en Colección Fondo Guanajuato. |
| 541 ## - NOTA DE FUENTE INMEDIATA DE ADQUISICIÓN |
| Nota de fuente de adquisición |
Compra. |
| 650 14 - ASIENTO SECUNDARIO DE MATERIA - TERMINO TEMÁTICO |
| Término temático o nombre geográfico como elemento de entrada |
Ejidos |
| Subdivisión geográfica |
Dolores Hidalgo (México) |
| Subdivisión de forma |
Historia. |
| 650 14 - ASIENTO SECUNDARIO DE MATERIA - TERMINO TEMÁTICO |
| Término temático o nombre geográfico como elemento de entrada |
Reforma agraria |
| Subdivisión geográfica |
Dolores Hidalgo (México) |
| Subdivisión de forma |
Historia. |
| 942 ## - TIPO DE MATERIAL (KOHA) |
| Tipo de Item KOHA |
Libro |